| Tag |
First Indicator |
Second Indicator |
Subfields |
| LEADER |
00000cam a2200000Mu 4500 |
| 001 |
in00002786484 |
| 006 |
m o d |
| 007 |
cr un||||||||| |
| 008 |
121120s2012 nyu ob 001 0 eng d |
| 005 |
20250816212658.0 |
| 020 |
|
|
|a 9780231530774 (ebk.)
|
| 020 |
|
|
|a 0231530773 (ebk.)
|
| 020 |
|
|
|z 9780231158657 (pbk. : alk. paper)
|
| 020 |
|
|
|z 0231158653 (pbk. : alk. paper)
|
| 035 |
|
|
|a (OCoLC)ocn818857942
|
| 035 |
|
|
|a (OCoLC)818857942
|
| 040 |
|
|
|a EBLCP
|b eng
|c EBLCP
|d TXA
|d UtOrBLW
|
| 049 |
|
|
|a TXAM
|
| 050 |
|
4 |
|a PS325 C49 2012
|
| 050 |
|
4 |
|a PS325
|b .C49 2012eb
|
| 082 |
0 |
4 |
|a 811.5209
|
| 100 |
1 |
|
|a Chasar, Mike,
|d 1970-
|
| 245 |
1 |
0 |
|a Everyday reading :
|b poetry and popular culture in modern America /
|c Mike Chasar.
|
| 264 |
|
1 |
|a New York :
|b Columbia University Press,
|c 2012.
|
| 300 |
|
|
|a 1 online resource (321 pages)
|
| 336 |
|
|
|a text
|b txt
|2 rdacontent
|
| 337 |
|
|
|a computer
|b c
|2 rdamedia
|
| 338 |
|
|
|a online resource
|b cr
|2 rdacarrier
|
| 500 |
|
|
|a Description based upon print version of record.
|
| 505 |
0 |
|
|a Introduction: poetry and popular culture -- Saving poetry -- Invisible audiences -- The business of rhyming -- The spin doctor -- Popular poetry and the program era -- Epilogue: In memoriam.
|
| 520 |
|
|
|a Everyday Reading is the first full-length critical study of the culture surrounding American popular and commercial poetry in the twentieth century. Exploring poetry scrapbooks, old-time radio show recordings, advertising verse, corporate archives, and Hallmark greeting cards, among other unconventional sources, Mike Chasar casts American poetry as an everyday phenomenon consumed and created by a vast range of readers in different and complex ways. Capturing American poetry's truly diverse forms and appeal, Chasar shows how the genre helped set the stage?before television, rock mu.sic, vid.
|
| 500 |
|
|
|a Electronic resource.
|
| 650 |
|
0 |
|a American poetry
|y 20th century
|x History and criticism.
|
| 650 |
|
0 |
|a Poetry
|x Social aspects
|z United States
|x History
|y 20th century.
|
| 650 |
|
0 |
|a Literature and society
|z United States
|x History
|y 20th century.
|
| 650 |
|
0 |
|a Public opinion
|z United States
|x History
|y 20th century.
|
| 650 |
|
0 |
|a Poetry
|x Public opinion
|x History
|y 20th century.
|
| 650 |
|
0 |
|a Poetics
|x History
|y 20th century.
|
| 650 |
|
4 |
|a American poetry -- 20th century -- History and criticism.
|
| 650 |
|
4 |
|a Literature and society -- United States -- History -- 20th century.
|
| 650 |
|
4 |
|a Poetics -- History -- 20th century.
|
| 650 |
|
4 |
|a Poetry -- Public opinion -- History -- 20th century.
|
| 650 |
|
4 |
|a Poetry -- Social aspects -- United States -- History -- 20th century.
|
| 650 |
|
4 |
|a Public opinion -- United States -- History -- 20th century.
|
| 655 |
|
0 |
|a Electronic books.
|
| 776 |
0 |
8 |
|i Print version:
|a Chasar, Mike
|t Everyday Reading : Poetry and Popular Culture in Modern America
|d New York : Columbia University Press,c2012
|z 9780231158657
|
| 856 |
4 |
0 |
|u https://ebookcentral.proquest.com/lib/tamucs/detail.action?docID=932168
|y Connect to the full text of this electronic book
|t 0
|
| 948 |
|
|
|a cataloged
|b h
|c 2012/11/28
|d c
|e agaffey
|f 2:10:59 pm
|
| 994 |
|
|
|a C0
|b TXA
|
| 999 |
f |
f |
|s 08c7208e-d537-3eb8-81c6-bf582afbcb37
|i b78fcd5a-d2d5-3db4-b89a-8c976e015f6e
|t 0
|
| 999 |
|
|
|a MARS
|
| 952 |
f |
f |
|a Texas A&M University
|b College Station
|c Electronic Resources
|d Available Online
|t 0
|e PS325 .C49 2012eb
|h Library of Congress classification
|
| 998 |
f |
f |
|a PS325 .C49 2012eb
|t 0
|l Available Online
|